banner-ar

GETTING TO KNOW BUDDHISM / (Record no. 1751)

MARC details
000 -الفاتح
حقل البيانات ثابتة الطول 00533nam a2200193Ia 4500
008 - عناصر البيانات ثابتة الطول - معلومات عامة
حقل البيانات ثابتة الطول 140319s9999 xx 000 0 eng d
020 ## - الرقم الدولى المعيارى للكتب
الرقم الدولى المعيارى للكتاب 9748908631
040 ## - مصدر الفهرسة
وكالة الفهرسة الأصلية GCL /
وكالة النسخ GCL
082 04 - رقم تصنيف ديوى العشرى
رقم التصنيف 294.3
رقم المادة P G
100 1# - المدخل الرئيسى - إسم شخصى
الإسم الشخصى PLAMINTER, SUNTHORN
245 10 - بيان العنوان
العنوان GETTING TO KNOW BUDDHISM /
بيان المسئوليه,etc PLAMINTER, SUNTHORN
260 ## - PUBLICATION, DISTRIBUTION, ETC. (IMPRINT)
تاريخ النشر أو التوزيع 1994
300 ## - الوصف المادى
التعداد 18 CM ؛
أبعاد الوعاء 206 P
650 04 - المدخل الاضافى بالموضوع-مصطلح موضوعى
مصطلح موضوعي BUDDHISM
650 04 - المدخل الاضافى بالموضوع-مصطلح موضوعى
مصطلح موضوعي THAILAND - RELIGION
650 04 - المدخل الاضافى بالموضوع-مصطلح موضوعى
مصطلح موضوعي BUDDHISM - THAILAND
942 ## - عناصر المدخل الإضافي( كوها)
مصدر التصنيف او مخطط الترفيف Dewey Decimal Classification
Koha [default] item type كتاب
260 ## - PUBLICATION, DISTRIBUTION, ETC. (IMPRINT)
-- تايلانــد :
-- BUDDHADHAMMA FOUNDATION ،
Holdings
حالة التراجع حالة الفقد حالة تلف ليس للاعارة المكان المؤقت الموقع الحالى تاريخ الاكتساب اجمالي اﻻعارات رقم الطلب الباركود تاريخ اخر مشاهدة تاريخ تفعيل السعر نوع وعاء كوها
        مكتبة القاهرة الكبرى مكتبة القاهرة الكبرى 03/26/2014   294.3\P G 4143 03/26/2014 03/26/2014 كتاب

Powered By

EGPV